01173 a2200265 45000010006000000050017000060080041000230030015000640400040000790800039001192450038001580200022001962640033002183000024002515050308002750410008005831000041005917000023006327000030006557000024006857000030007097000022007397000024007618560122007852155120260407155505.0260407a2011 arg spa dAR-UNSa-BCEJYS aAR-UNSa-BCEJYSbspacAR-UNSa-BCEJYS a657.4xCuentas. Sistemas Contables10aContabilidadpsistemas y procesos a978-987-03-2062-3 1aBuenos Aires :bLa Leyc2011 axxi, 405 p.c24 cm. a1. Cuentas y planes de cuentas - 2. El proceso contable - 3. Análisis y registro de operaciones específicas, elementos de vinculación - 4. Cierre del proceso contable - 5. Mecanismos para homogeneizarla unidad de medida - 6. Preparación y exposición de información patrimonial y de gestión aspa1 aPahlen Acuña, Ricardo Jose María1 aCampo, Ana María1 aChaves, Osvaldo Argentino1 aChyrikins, Héctor1 aFronti de García, Luisa1 aHelouani, Rubén1 aViegas, Juan Carlos41uhttps://biblioeco.unsa.edu.ar/pmb/images/libros/Contabilidad Sistemas y Procesos 2.jpgyImagen de portadaqimage/jpeg